000 01198nam a2200325 i 4500
001 70539
003 Mx-PuUPA
005 20230828083229.0
008 230824s2019 sp a gr 000 0 spa d
020 _a9788417866099
040 _aMx-PuUPA
_bspa
_cMx-PuUPA
_dMx-PuUPA
_erda
041 0 _aspa
100 1 _aPérez Jaramillo, Jorge,
_914702
_eautor
245 1 0 _aMedellín :
_burbanismo y sociedad /
_cJorge Pérez Jaramillo
250 _aPrimera edición
264 1 _aMadrid :
_bTurner Publicaciones SL,
_c2019
300 _a246 páginas, 16 láminas (sin paginación) :
_bilustraciones (a color) ;
_c22 cm
336 _2rdacontent
_atexto
_btxt
337 _2rdamedia
_asin medio
_bn
338 _2rdacarrier
_avolumen
_bnc
650 7 _2armarc
_aUrbanismo
_zColombia Medellín
650 7 _2armarc
_aDesarrollo urbano
_zColombia Medellín
651 4 _aMedellín (Colombia)
_xPlanificación de la ciudad
651 4 _aMedellín (Colombia)
_xCondiciones sociales
942 _2ddc
_cLI
_h711.409861
_iP426
999 _c70539
_d70539